[Event "IECC KO-2067"]
[Site "IECC email"]
[Date "2005.07.11"]
[Round "?"]
[White "Stefanov, Alexander"]
[Black "Van Alphen, John"]
[Result "1/2-1/2"]
[WhiteElo "1495"]
[BlackElo "1597"]
[PlyCount "77"]
[EventDate "2005.??.??"]
[EventType "match (corr)"]
[EventRounds "2"]
[SourceTitle "Corr 2008"]
[Source "ChessBase"]
[SourceDate "2008.06.24"]
[SourceVersion "1"]
[SourceVersionDate "2008.06.24"]
[SourceQuality "1"]

1. Nf3 Nc6 2. c4 Nf6 3. Nc3 e5 4. d3 d5 5. cxd5 Nxd5 6. g3 Bb4 7. Bd2 0-0 8. Bg2 Nxc3 9. bxc3 Bc5 10. 0-0 h6 11. Rb1 Rb8 12. Qa4 Bd7 13. Qe4 Qf6 14. g4 Qe6 15. g5 f5 16. gxf6 Rxf6 17. Be3 Bxe3 18. Qxe3 b6 19. Nd2 Rbf8 20. Nc4 Qf5 21. Rb5 a6 22. Rb2 Qh5 23. Kh1 Kh8 24. a4 a5 25. Rb5 Qh4 26. Nxe5 Nxe5 27. Rxe5 Rxf2 28. Rxf2 Qxf2 29. Qxf2 Rxf2 30. Re7 Bxa4 31. Kg1 Rf4 32. Rxc7 Bd1 33. e3 Rf6 34. Bd5 Be2 35. d4 Bf3 36. e4 Kh7 37. c4 Rf4 38. Kf2 Bh1+ 39. Kg3 1/2-1/2

[Event "IECC CL5-2005.10 email"]
[Site "IECC email"]
[Date "2005.06.13"]
[Round "?"]
[White "Van Alphen, John"]
[Black "Stefanov, Alexander"]
[Result "1/2-1/2"]
[WhiteElo "1584"]
[BlackElo "1444"]
[PlyCount "47"]
[EventDate "2005.??.??"]
[EventType "tourn (corr)"]
[EventRounds "4"]
[SourceTitle "Corr 2015"]
[Source "ChessBase"]
[SourceDate "2015.07.17"]
[SourceVersion "1"]
[SourceVersionDate "2015.07.17"]
[SourceQuality "1"]

1. e4 d6 2. d4 Nf6 3. Nc3 g6 4. Nf3 Bg7 5. Be2 0-0 6. 0-0 c5 7. dxc5 dxc5 8. Be3 b6 9. Qc1 Bb7 10. Rd1 Qc8 11. Ng5 Nc6 12. f3 Rd8 13. Rxd8+ Qxd8 14. Qe1 h6 15. Nh3 Nd4 16. Rd1 Qc7 17. Nb5 Nxe2+ 18. Qxe2 Qc6 19. Nf4 a6 20. Nc3 e6 21. Qd2 Ne8 22. Nfe2 Kh7 23. Ng3 Rc8 24. Nge2 1/2-1/2

[Event "IECC CL6-2005.04 email"]
[Site "IECC email"]
[Date "2005.03.01"]
[Round "?"]
[White "Quinlan, Terrence"]
[Black "Stefanov, Alexander"]
[Result "0-1"]
[WhiteElo "1215"]
[BlackElo "1438"]
[PlyCount "58"]
[EventDate "2005.??.??"]
[EventType "tourn (corr)"]
[EventRounds "4"]
[SourceTitle "Corr 2020"]
[Source "ChessBase"]
[SourceDate "2019.09.30"]
[SourceVersion "1"]
[SourceVersionDate "2019.09.30"]
[SourceQuality "1"]
[WhiteTeam "United States"]
[BlackTeam "Russia"]
[WhiteTeamCountry "USA"]
[BlackTeamCountry "RUS"]

1. e4 d6 2. d4 g6 3. f4 Bg7 4. Nf3 c5 5. d5 Nf6 6. Nc3 0-0 7. e5 Nfd7 8. Bb5 a6 9. Bxd7 Nxd7 10. Qe2 b5 11. 0-0 Bb7 12. Ng5 dxe5 13. f5 h6 14. Nge4 b4 15. f6 exf6 16. Nd1 Bxd5 17. c4 Bxe4 18. Qxe4 Nb6 19. b3 Qd4+ 20. Qxd4 cxd4 21. Ne3 dxe3 22. Bxe3 Nd7 23. c5 Rfc8 24. Rac1 Rc6 25. Rfd1 Ra7 26. Rc4 a5 27. Ra1 Rac7 28. a3 bxa3 29. Rxa3 Nxc5 0-1

[Event "IECC CL6-2004.16 email"]
[Site "IECC email"]
[Date "2004.08.14"]
[Round "?"]
[White "Landman, Kevin"]
[Black "Stefanov, Alexander"]
[Result "0-1"]
[WhiteElo "1331"]
[BlackElo "1364"]
[PlyCount "82"]
[EventDate "2004.??.??"]
[EventType "tourn (corr)"]
[EventRounds "4"]
[SourceTitle "Corr 2008"]
[Source "ChessBase"]
[SourceDate "2008.06.24"]
[SourceVersion "1"]
[SourceVersionDate "2008.06.24"]
[SourceQuality "1"]

1. e4 d6 2. d4 g6 3. Bc4 Bg7 4. Nf3 Nf6 5. Qe2 c6 6. e5 dxe5 7. dxe5 Nd5 8. 0-0 Bg4 9. Nbd2 Nd7 10. h3 Bf5 11. Bb3 Qc7 12. Re1 0-0 13. Nf1 Nc5 14. Ng3 Be6 15. Nd4 Rad8 16. c3 Bc8 17. Bc2 Ne6 18. Nxe6 Bxe6 19. f4 Nb6 20. b3 Nd5 21. Bd2 Bc8 22. c4 Qb6+ 23. Kh2 Nb4 24. Bb1 c5 25. Be4 Nc6 26. Bxc6 Qxc6 27. Bc3 f5 28. Rad1 b6 29. Rd3 Bb7 30. Red1 Qc7 31. Qd2 Rxd3 32. Qxd3 Bc6 33. Nf1 Qb7 34. Ne3 e6 35. Qf1 Re8 36. Be1 Qb8 37. Rd6 Be4 38. Bh4 Bf8 39. Rd7 Bc6 40. Rd2 Bg7 41. Qd1 Bxe5 0-1

[Event "IECC CL5-2004.11 email"]
[Site "IECC email"]
[Date "2004.04.13"]
[Round "?"]
[White "Stefanov, Alexander"]
[Black "Takeuchi, Toshihiko"]
[Result "1/2-1/2"]
[WhiteElo "1245"]
[BlackElo "1560"]
[PlyCount "78"]
[EventDate "2004.??.??"]
[EventType "tourn (corr)"]
[EventRounds "4"]
[SourceTitle "Corr 2008"]
[Source "ChessBase"]
[SourceDate "2008.06.24"]
[SourceVersion "1"]
[SourceVersionDate "2008.06.24"]
[SourceQuality "1"]

1. e4 c5 2. Nf3 d6 3. d4 cxd4 4. Nxd4 Nf6 5. Nc3 a6 6. Bc4 e6 7. Bg5 Be7 8. Qd2 b5 9. Bd3 Bb7 10. 0-0 0-0 11. a3 Nbd7 12. Rad1 Nc5 13. Rfe1 Nxd3 14. Qxd3 Rc8 15. h3 Rc4 16. a4 Rxc3 17. bxc3 bxa4 18. Ra1 Qa5 19. Bxf6 Bxf6 20. Qc4 Rc8 21. Rxa4 Rxc4 22. Rxa5 Rxc3 23. Rb1 Rc7 24. c3 g6 25. f3 Bc8 26. Ne2 Kf8 27. Ra3 Ke7 28. Kf2 h5 29. Ke3 Kd7 30. Kd3 Bb7 31. c4 d5 32. cxd5 exd5 33. Nf4 dxe4+ 34. fxe4 Kc8 35. Nd5 Rd7 36. Kc4 Bd8 37. Rd3 Bc6 38. Kc5 Bb5 39. Rc3 Kb7 1/2-1/2

[Event "IECC CL7-2003.17 email"]
[Site "IECC email"]
[Date "2003.06.25"]
[Round "?"]
[White "Zarate, Miguel"]
[Black "Stefanov, Alexander"]
[Result "0-1"]
[WhiteElo "1138"]
[BlackElo "1179"]
[PlyCount "110"]
[EventDate "2003.??.??"]
[EventType "tourn (corr)"]
[EventRounds "4"]
[SourceTitle "Corr 2008"]
[Source "ChessBase"]
[SourceDate "2008.06.24"]
[SourceVersion "1"]
[SourceVersionDate "2008.06.24"]
[SourceQuality "1"]

1. d4 Nf6 2. c4 e6 3. Nc3 Bb4 4. a3 Bxc3+ 5. bxc3 c5 6. f3 d5 7. cxd5 exd5 8. e3 0-0 9. Bd3 Nc6 10. Ne2 Re8 11. 0-0 Qc7 12. Ra2 b6 13. Nf4 Rb8 14. g4 h6 15. Rg2 c4 16. Bb1 Qd6 17. h4 Nh7 18. Qc2 Nf8 19. g5 h5 20. e4 Ne7 21. Nxh5 Nfg6 22. e5 Qc7 23. Ng3 Bh3 24. Rh2 Bxf1 25. Kxf1 Qd7 26. h5 Nf8 27. Qg2 Qb5 28. Bc2 Qa5 29. g6 Qxc3 30. gxf7+ Kxf7 31. h6 Ne6 32. hxg7 Rg8 33. Qh3 Nxg7 34. Qg4 Rbf8 35. Bg5 Qxa3 36. Rh7 Ke8 37. Bg6+ Kd8 38. f4 c3 39. Ne2 Ngf5 40. Bxf5 Rxg5 41. Qxg5 Rxf5 42. Qg3 Qb4 43. Qd3 Qc4 44. Qxc4 dxc4 45. Ke1 Nd5 46. Rxa7 Rh5 47. Ra2 b5 48. f5 b4 49. f6 Rf5 50. Ra8+ Kc7 51. Ra7+ Kb6 52. Rd7 Ne3 53. Ng3 c2 54. Kd2 c3+ 55. Kc1 b3 0-1